000 00713nam a22002770a 4500
001 PT40136
003 AR-LpoUNG
005 20250227142912.0
008 191001s2009||||ag |||||||||||||||||spa d
020 _a9789505815296
_c$3
040 _aAR-LpoUNG
_bspa
_cAR-LpoUNG
_eaacr
041 0 _aspa
044 _aag
082 0 _a808.068 3 169esc
100 1 _aNalé Roxlo, Conrado
245 1 3 _aLa escuela de las hadas
250 _a1ra. ed.
260 _aBuenos Aires :
_bColihue,
_c2009.
300 _a94 p. :
_bil.
505 0 _aSugerido a partir de 8 años (etiqueta CELESTE)
650 4 _aCUENTOS
650 4 _aLITERATURA
653 0 _aLITERATURA INFANTIL
905 _a40136
942 _cLIB
_2ddc
999 _c5668
_d5668